|
|
|
|
| LEADER |
00000nab a2200000 a 4500 |
| 001 |
vtls000041208 |
| 003 |
SK-MaSNL |
| 005 |
20260304064717.0 |
| 008 |
250422c1979 xo 0 slo |
| 015 |
|
|
|a SNBRB19rr/mm-uuuuu
|
| 035 |
|
|
|a CL0051303
|
| 035 |
|
|
|a urn:nbn:sk:snk-ab2lq5
|
| 035 |
|
|
|a (urnnbn)urn:nbn:sk:snk:ar-a02mcu
|
| 035 |
|
|
|a (uuid)b0e47866-e0aa-4ca9-b8b6-0db75bf68465
|
| 040 |
|
|
|a SNKBUCL
|b slo
|c SNKBUCL
|e AACR2
|
| 041 |
0 |
|
|a slo
|
| 044 |
|
|
|a xo
|c SK
|
| 080 |
|
|
|a 631
|2 1981
|
| 080 |
|
|
|a 331.876
|2 1981
|
| 100 |
1 |
|
|a Delinga, Pavel,
|d 1939-
|4 aut
|9 228745
|
| 245 |
1 |
0 |
|a Hnutie šesťdesiatkárov mobilizujúci faktor činnosti ZDR
|c Pavel Delinga
|
| 300 |
|
|
|b Obr. 1.
|
| 610 |
2 |
7 |
|a Zväz družstevných roľníkov
|2 snkbucl
|9 220537
|
| 650 |
0 |
7 |
|a družstvá roľnícke
|2 snkbucl
|9 881518
|
| 650 |
0 |
7 |
|a iniciatíva pracujúcich
|2 snkbucl
|9 921698
|
| 655 |
|
7 |
|a články z novín a časopisov
|2 snkbucl
|9 267496
|
| 773 |
0 |
|
|t Ekonomika poľnohospodárstva
|g Roč. 18, č. 9 (1979), s. 397-398
|
| 850 |
|
|
|a Slovenská národná knižnica
|
| 852 |
|
|
|a Slovenská národná knižnica
|
| 954 |
|
|
|a odborná, vedecká literatúra pôvodná (slovenská)
|2 lita
|
| 958 |
|
|
|a article27
|
| 958 |
|
|
|a RK
|
| 958 |
|
|
|a OND
|
| 958 |
|
|
|a EUIPO
|
| 992 |
|
|
|a RBX
|
| 999 |
|
|
|c 2747653
|d 2749583
|